000 00610nam a2200241Ia 4500
003 OSt
005 20221005091013.0
006 a|||||r|||| 00| 0
007 ta
008 221004b |||||||| |||| 00| 0 eng d
024 _a45822
037 _cTextual
040 _aCRL
_cCRL
_beng
041 _2eng
_aeng
082 _aO111,1M65:gx, L0
100 _aBloom Harold
245 0 _aYeats
260 _aNew York
_bOxford University Press
_c1970
300 _a500p.
_ccm.
650 _aYEATS
_915908
942 _hO111,1M65:gx, L0
_cTEXL
_2cc
999 _c996695
_d996695